Phố những cửa hiệu u tối: Giải nobel văn chương 2014 Patrick Modiano; Dương Tường dịch
v.v...
Đã lưu trong:
| Tác giả chính: | |
|---|---|
| Định dạng: | Sách |
| Năm xuất bản: |
H.
Nhã nam: văn học
2014
|
| Chủ đề: | |
| Tags: |
Thêm thẻ
Không có thẻ, Hãy là người đầu tiên gắn thẻ bản ghi này!
|
| LEADER | 00606nam a2200169 4500 | ||
|---|---|---|---|
| 082 | |a 843 |b M450D | ||
| 100 | |a Modiano, Patrick | ||
| 245 | |a Phố những cửa hiệu u tối: Giải nobel văn chương 2014 |b Patrick Modiano; Dương Tường dịch | ||
| 260 | |a H. |b Nhã nam: văn học |c 2014 | ||
| 300 | |a 254tr |c 21cm | ||
| 520 | |a v.v... | ||
| 653 | |a Văn học | ||
| 653 | |a Thế kỷ 20 | ||
| 653 | |a Tiểu thuyết | ||
| 942 | |2 ddc |c SH | ||
| 999 | |c 13237 |d 13237 | ||
| 952 | |0 0 |1 0 |2 ddc |4 0 |6 843_000000000000000_M450D |7 0 |8 800 |9 108849 |a qbu |b qbu |c D5 |d 2016-11-10 |g 68000 |o 843 M450D |p 12030.c1 |r 0000-00-00 |w 2016-11-10 |y SH | ||